000 00505pab a2200181 454500
008 180718b2014 xxu||||| |||| 00| 0 eng d
100 _aKloppenborg, Timothy J.
245 _aProject success and executive sponsor behaviors: Empirical life cycle stage investigations
260 _c2014
300 _ap.1-20.
362 _aFeb-Mar
650 _aProject management
700 _aManolis, Chris
700 _aTesch, Debbie
773 _aProject Management Journal
908 _aN
909 _a103918
999 _c103914
_d103914